01149nam a2200253Ia 450000500170000000800410001702000180005804000080007605000190008410000320010324500900013526000320022530000190025733700100027633800140028644000450030050001510034550000290049650502700052565000300079565000270082565000300085270000130088220231102151425.0121028s9999 xx 000 0 und d a84-7112-321-5 eRDA aBF309 R58 198810aRIVAS Martínez, Francisco10aPsicología vocacional b: enfoques del asesoramientoc/ Francisco Rivas Martínez aEspaña b: Moratac, 1988 a263 páginas. atexto asin medio aPedagogía : orientación pedagógica aPlan Flexible/ Licenciatura en Pedagogía/ ORIENTACIÓN EDUCATIVA Y VOCACIONAL I (P11) / Ejemplares: 14 002151, 14 002152, 14 002153, 14 002310 aIncluye bibliografía  a1. Conducta, asesoramiento y psicología vocacional 2. Enfoques del asesoramiento vocacional 3. Enfoque del asesoramiento vocacional desde la teoría del rango psicológico 4. Enfoque del asesoramiento vocacional desde la teoría psicodinámica 5. Enfoque 10aORIENTACIÓN VOCACIONAL 20aEDUCACIÓN VOCACIONAL30aORIENTACIÓN PROFESIONAL aI. t.Ì